000 00351nam a22001337a 4500
008 250408b |||||||| |||| 00| 0 eng d
020 _a9783358111
050 _aJF1525
_b.O53
100 _aOLANIYI Johnson O.
245 _aFoundation of Public Policy Analysis
260 _aIbadan
_bSunad Publishers Limited
_c1998
300 _avii, 129p.
942 _cBK
999 _c2919
_d2919